Physical optics. (Record no. 1759)

MARC details
000 -LEADER
fixed length control field 00745nac a22002291u 4500
010 ## -
-- 67019702
082 00 - DEWEY DECIMAL CLASSIFICATION NUMBER
Classification number 535.2
Item number W8732
090 ## - LOCALLY ASSIGNED LC-TYPE CALL NUMBER (OCLC); LOCAL CALL NUMBER (OCLC)
-- 1759
-- 1759
100 ## - MAIN ENTRY--PERSONAL NAME
Personal name Wood, Robert Williams,
245 10 - TITLE STATEMENT
Title Physical optics.
260 ## -
-- New York,
-- Dover Publications
-- [1967, c1934]
300 ## - PHYSICAL DESCRIPTION
Extent xvi, 846 p.
Other physical details illus. (part col.)
Dimensions 22 cm.
336 ## - CONTENT TYPE
Source rdacontent
Content type term text
Content type code txt
337 ## - MEDIA TYPE
Media type term unmediated
Source rdamedia
Media type code n
338 ## - CARRIER TYPE
Carrier type term volume
Carrier type code nc
Source rdacarrier
500 ## - GENERAL NOTE
General note "An unabridged republication of the third [rev.] edition, as published ... in 1934."
500 ## - GENERAL NOTE
General note Donations
500 ## - GENERAL NOTE
General note Donations - Dr. Mostafa Gouda
504 ## - BIBLIOGRAPHY, ETC. NOTE
Bibliography, etc Bibliographical footnotes.
650 #0 - SUBJECT ADDED ENTRY--TOPICAL TERM
Topical term or geographic name as entry element Physical optics.
942 ## - ADDED ENTRY ELEMENTS (KOHA)
Koha item type Book - Borrowing
Call number prefix 535.2W8732
Classification part RDA-MOD
Holdings
Withdrawn status Lost status Damaged status Not for loan Home library Current library Shelving location Date acquired Source of acquisition Total Checkouts Full call number Barcode Date last seen Price effective from Koha item type
        Central Library Central Library First floor 06/12/2013 Purchase   535.2 WOO 000002558 15/07/2025 13/12/2006 Book - Borrowing